000 00548nam a2200217Ia 4500
005 20241129115937.0
008 241129s9999||||xx |||||||||||||| ||und||
020 _a9788125032328
037 _aTB
040 _aSDCL
_beng
_cSDCL
041 _aeng
_2eng
084 _aQ112:42x, P8
_qSDCL
100 _aTyagi Jaya
245 0 _aEngendering the early hosehold
260 _aDelhi
_bDelhi OBS
_c2008
300 _a378p
365 _aINR
_b1750
650 _aReference
942 _cTB
_hQ112:42x, P8
999 _c1232691
_d1232691